[Event "21st Sants Open 2019"]
[Site "Cotxeres de Sants"]
[Date "2019.08.25"]
[Round "3.13"]
[White "Aizpurua, Patrick"]
[Black "Harika, Dronavalli"]
[Result "0-1"]
[WhiteElo "2261"]
[BlackElo "2495"]
[Annotator "ChessBase"]
[PlyCount "106"]
[EventDate "2019.08.22"]
[EventType "swiss"]
[EventCountry "ESP"]
[SourceTitle "playchess.com"]
[Source "ChessBase"]
[SourceQuality "1"]
[TimeControl "40/5400+30:1800+30"]

1. d4 {[%emt 0:20:43]} Nf6 {[%emt 0:00:00]} 2. c4 {[%emt 0:00:45]} g6 {[%emt 0:00:00]} 3. g3 {[%emt 0:00:20]} Bg7 {[%emt 0:00:12]} 4. Bg2 {[%emt 0:00:07]} O-O {[%emt 0:00:15]} 5. Nf3 {[%emt 0:00:05]} d6 {[%emt 0:01:10]} 6. O-O {[%emt 0:00:26]} Nc6 {[%emt 0:03:53]} 7. Nc3 {[%emt 0:07:37]} Bg4 {[%emt 0:04:11]} 8. h3 {[%emt 0:02:48]} Bxf3 {[%emt 0:00:05]} 9. Bxf3 {[%emt 0:00:05]} Nd7 {[%emt 0:00:08]} 10. e3 {[%emt 0:10:42]} e5 {[%emt 0:00:24]} 11. Rb1 {[%emt 0:11:25]} f5 {[%emt 0:12:29]} 12. dxe5 {[%emt 0:08:06]} dxe5 {[%emt 0:01:33]} 13. Bxc6 {[%emt 0:10:58]} bxc6 {[%emt 0:00:15]} 14. e4 {[%emt 0:00:06]} f4 {[%emt 0:06:36]} 15. Qg4 {[%emt 0:02:07]} Qe8 {[%emt 0:14:37]} 16. gxf4 {[%emt 0:06:25]} Nf6 {[%emt 0:07:06]} 17. Qg2 {[%emt 0:06:41]} Nh5 {[%emt 0:01:59]} 18. fxe5 {[%emt 0:01:38]} Qxe5 {[%emt 0:02:01]} 19. Ne2 {[%emt 0:00:55]} Rae8 {[%emt 0:00:43]} 20. Be3 {[%emt 0:00:10]} Qxe4 {[%emt 0:02:22]} 21. Qxe4 {[%emt 0:00:05]} Rxe4 {[%emt 0:00:03]} 22. b3 {[%emt 0:00:17]} a5 {[%emt 0:00:11]} 23. Rbd1 {[%emt 0:00:15]} a4 {[%emt 0:01:20]} 24. Rd7 {[%emt 0:00:16]} axb3 {[%emt 0:02:49]} 25. axb3 {[%emt 0:00:11]} Be5 {[%emt 0:01:25]} 26. Rfd1 {[%emt 0:01:18]} Bd6 {[%emt 0:01:44]} 27. c5 {[%emt 0:01:36]} Be5 {[%emt 0:01:05]} 28. Kg2 {[%emt 0:01:20]} Nf6 {[%emt 0:02:26]} 29. Rd8 {[%emt 0:01:40]} Nd5 {[%emt 0:01:25]} 30. Rxf8+ {[%emt 0:00:36]} Kxf8 {[%emt 0:00:03]} 31. Bh6+ {[%emt 0:02:11]} Kf7 {[%emt 0:02:23]} 32. Nc1 {[%emt 0:00:55]} Bf6 {[%emt 0:00:54]} 33. Bd2 {[%emt 0:01:37]} Rd4 {[%emt 0:00:41]} 34. Ne2 {[%emt 0:00:14]} Rd3 {[%emt 0:00:53]} 35. Nc1 {[%emt 0:01:46]} Nf4+ {[%emt 0:00:46]} 36. Kf1 {[%emt 0:00:14]} Rd8 {[%emt 0:06:37]} 37. Ke1 {[%emt 0:00:05]} Nxh3 {[%emt 0:00:43]} 38. Be3 {[%emt 0:00:47]} Rxd1+ {[%emt 0:01:45]} 39. Kxd1 {[%emt 0:00:03]} Ng5 {[%emt 0:03:46]} 40. Nd3 {[%emt 0:00:00]} Ne6 {[%emt 0:00:00]} 41. Ke2 {[%emt 0:16:18]} Bd4 {[%emt 0:07:19]} 42. b4 {[%emt 0:02:58]} Bc3 {[%emt 0:03:37]} 43. Kf3 {[%emt 0:04:33]} Kf6 {[%emt 0:00:58]} 44. Kg2 {[%emt 0:04:50]} Kf5 {[%emt 0:02:01]} 45. f3 {[%emt 0:00:06]} g5 {[%emt 0:01:05]} 46. Kf1 {[%emt 0:03:14]} h5 {[%emt 0:00:40]} 47. Kg2 {[%emt 0:01:53]} Nf8 {[%emt 0:05:56]} 48. Bf2 {[%emt 0:00:26]} Ng6 {[%emt 0:01:14]} 49. Be1 {[%emt 0:01:13]} Bxe1 {[%emt 0:00:32]} 50. Nxe1 {[%emt 0:00:04]} Nf4+ {[%emt 0:00:19]} 51. Kf2 {[%emt 0:00:35]} Ke5 {[%emt 0:00:45]} 52. Nc2 {[%emt 0:00:19]} h4 {[%emt 0:00:42]} 53. Ne3 {[%emt 0:01:52]} Nd3+ {[%emt 0:00:32]} 0-1

[Event "21st Sants Open 2019"]
[Site "Cotxeres de Sants"]
[Date "2019.08.25"]
[Round "3.14"]
[White "Gines Esteo, Pedro Antonio"]
[Black "Yordanov	, Lachezar"]
[Result "1-0"]
[WhiteElo "2417"]
[BlackElo "2281"]
[Annotator "NA"]
[PlyCount "71"]
[EventDate "2019.08.22"]
[EventType "swiss"]
[EventCountry "ESP"]
[SourceTitle "playchess.com"]
[Source "ChessBase"]
[SourceQuality "1"]
[TimeControl "40/5400+30:1800+30"]

1. Nf3 {[%emt 0:01:35]} Nf6 {[%emt 0:00:00]} 2. g3 {[%emt 0:00:08]} d5 {[%emt 0:00:41]} 3. Bg2 {[%emt 0:00:11]} e6 {[%emt 0:00:12]} 4. O-O {[%emt 0:00:07]} Be7 {[%emt 0:00:10]} 5. c4 {[%emt 0:03:39]} O-O {[%emt 0:00:11]} 6. b3 {[%emt 0:00:19]} c5 {[%emt 0:00:13]} 7. Bb2 {[%emt 0:01:39]} Nc6 {[%emt 0:00:20]} 8. e3 {[%emt 0:07:03]} b6 {[%emt 0:01:08]} 9. Nc3 {[%emt 0:07:31]} Bb7 {[%emt 0:00:33]} 10. cxd5 {[%emt 0:00:27]} Nxd5 {[%emt 0:02:37]} 11. Nxd5 {[%emt 0:00:26]} Qxd5 {[%emt 0:00:41]} 12. Ne5 {[%emt 0:02:26]} Qd6 {[%emt 0:00:13]} 13. Nc4 Qd7 {[%emt 0:02:25]} 14. Qg4 {[%emt 0:00:17]} f6 {[%emt 0:00:36]} 15. d4 {[%emt 0:00:20]} cxd4 {[%emt 0:08:28]} 16. exd4 {[%emt 0:03:32]} Nd8 {[%emt 0:04:04]} 17. d5 {[%emt 0:00:22]} Bxd5 {[%emt 0:09:34]} 18. Rad1 {[%emt 0:04:26]} Qc8 {[%emt 0:01:14]} 19. Rxd5 {[%emt 0:11:20]} exd5 {[%emt 0:00:52]} 20. Bxd5+ {[%emt 0:00:13]} Nf7 {[%emt 0:00:06]} 21. Qh5 Bc5 22. Re1 {[%emt 0:34:27]} Qc7 {[%emt 0:10:43]} 23. Re4 {[%emt 0:08:49]} Kh8 {[%emt 0:02:18]} 24. Rh4 {[%emt 0:02:41]} Ng5 {[%emt 0:00:39]} 25. Ne5 {[%emt 0:01:27]} fxe5 {[%emt 0:02:13]} 26. Qxg5 {[%emt 0:00:07]} Bxf2+ {[%emt 0:02:03]} 27. Kh1 {[%emt 0:02:39]} Qc2 {[%emt 0:00:07]} 28. Be4 {[%emt 0:03:38]} Qd1+ {[%emt 0:00:15]} 29. Kg2 {[%emt 0:00:02]} Qg1+ {[%emt 0:00:59]} 30. Kh3 {[%emt 0:00:01]} Qf1+ {[%emt 0:00:09]} 31. Bg2 {[%emt 0:00:33]} Qd3 32. Qxe5 Qd7+ {[%emt 0:10:38]} 33. Rg4 {[%emt 0:02:29]} Rf5 {[%emt 0:00:23]} 34. Qxg7+ {[%emt 0:01:27]} Qxg7 {[%emt 0:00:05]} 35. Rxg7 {[%emt 0:01:11]} Raf8 {[%emt 0:00:22]} 36. Rg6+ {[%emt 0:00:18]} 1-0

[Event "21st Sants Open 2019"]
[Site "Cotxeres de Sants"]
[Date "2019.08.25"]
[Round "3.15"]
[White "Rodriguez Regull, German"]
[Black "Ruiz Soria, Adria"]
[Result "0-1"]
[WhiteElo "1944"]
[BlackElo "1862"]
[Annotator "NA"]
[PlyCount "94"]
[EventDate "2019.08.22"]
[EventType "swiss"]
[EventCountry "ESP"]
[SourceTitle "playchess.com"]
[Source "ChessBase"]
[SourceQuality "1"]
[TimeControl "40/5400+30:1800+30"]

1. e4 {[%emt 0:00:00]} e6 {[%emt 0:00:00]} 2. d4 {[%emt 0:02:16]} d5 {[%emt 0:00:00]} 3. e5 {[%emt 0:00:22]} c5 {[%emt 0:00:00]} 4. dxc5 {[%emt 0:00:22]} Nc6 {[%emt 0:00:00]} 5. Nf3 {[%emt 0:02:02]} Bxc5 {[%emt 0:00:00]} 6. Bd3 {[%emt 0:00:23]} f6 {[%emt 0:01:59]} 7. Qe2 {[%emt 0:00:37]} fxe5 {[%emt 0:00:12]} 8. Nxe5 {[%emt 0:00:07]} Nxe5 {[%emt 0:00:08]} 9. Qxe5 {[%emt 0:00:16]} Nf6 {[%emt 0:00:12]} 10. O-O {[%emt 0:11:13]} O-O {[%emt 0:00:31]} 11. Qe2 {[%emt 0:04:29]} Qb6 {[%emt 0:18:25]} 12. Nd2 {[%emt 0:00:34]} e5 {[%emt 0:07:54]} 13. Qxe5 {[%emt 0:03:48]} Ng4 {[%emt 0:02:11]} 14. Qxd5+ {[%emt 0:03:43]} Kh8 {[%emt 0:08:13]} 15. Ne4 {[%emt 0:02:13]} Bxf2+ {[%emt 0:04:53]} 16. Kh1 {[%emt 0:00:25]} Be6 {[%emt 0:04:35]} 17. Qd6 {[%emt 0:04:41]} Qxd6 {[%emt 0:02:42]} 18. Nxd6 {[%emt 0:00:02]} Bd4 {[%emt 0:07:54]} 19. Rxf8+ {[%emt 0:01:21]} Rxf8 {[%emt 0:00:08]} 20. Ne4 {[%emt 0:00:20]} Bd5 {[%emt 0:01:00]} 21. h3 {[%emt 0:04:41]} Bxe4 {[%emt 0:02:27]} 22. hxg4 {[%emt 0:00:04]} Bxd3 {[%emt 0:00:55]} 23. cxd3 {[%emt 0:00:02]} Rf1+ {[%emt 0:00:39]} 24. Kh2 {[%emt 0:00:02]} Be3 {[%emt 0:01:28]} 25. Bxe3 {[%emt 0:00:10]} Rxa1 {[%emt 0:00:10]} 26. Bxa7 {[%emt 0:00:17]} Rxa2 {[%emt 0:00:23]} 27. Bd4 {[%emt 0:00:43]} Ra4 {[%emt 0:00:49]} 28. Bc3 {[%emt 0:00:22]} Rxg4 {[%emt 0:00:38]} 29. Kg1 {[%emt 0:03:04]} Kg8 {[%emt 0:05:27]} 30. Kf2 {[%emt 0:00:12]} Kf7 {[%emt 0:00:16]} 31. Kf3 {[%emt 0:00:15]} h5 {[%emt 0:00:23]} 32. Be5 {[%emt 0:02:23]} Ke6 {[%emt 0:01:25]} 33. d4 {[%emt 0:00:51]} Kd5 {[%emt 0:01:33]} 34. g3 {[%emt 0:00:17]} g6 {[%emt 0:04:16]} 35. Ke3 {[%emt 0:00:34]} Re4+ {[%emt 0:00:19]} 36. Kd3 {[%emt 0:00:12]} Rxe5 {[%emt 0:01:38]} 37. dxe5 {[%emt 0:00:11]} Kxe5 {[%emt 0:00:07]} 38. Ke3 {[%emt 0:01:04]} g5 {[%emt 0:01:57]} 39. Kf3 {[%emt 0:00:09]} b5 {[%emt 0:00:12]} 40. Ke3 {[%emt 0:00:00]} h4 {[%emt 0:00:00]} 41. g4 {[%emt 0:01:22]} h3 {[%emt 0:01:30]} 42. Kf3 {[%emt 0:00:06]} h2 {[%emt 0:00:07]} 43. Kg2 {[%emt 0:00:08]} Kf4 {[%emt 0:00:09]} 44. Kxh2 {[%emt 0:00:08]} Kxg4 {[%emt 0:00:07]} 45. Kg2 {[%emt 0:00:07]} b4 {[%emt 0:00:12]} 46. b3 {[%emt 0:00:13]} Kf4 {[%emt 0:00:04]} 47. Kf2 {[%emt 0:00:09]} Ke4 {[%emt 0:00:05]} 0-1

[Event "21st Sants Open 2019"]
[Site "Cotxeres de Sants"]
[Date "2019.08.25"]
[Round "3.16"]
[White "Morais Carreras, Javier"]
[Black "Oliva Llorens, Antoni"]
[Result "1-0"]
[WhiteElo "1939"]
[BlackElo "1820"]
[Annotator "NA"]
[PlyCount "76"]
[EventDate "2019.08.22"]
[EventType "swiss"]
[EventCountry "ESP"]
[SourceTitle "playchess.com"]
[Source "ChessBase"]
[SourceQuality "1"]
[TimeControl "40/5400+30:1800+30"]

1. e4 {[%emt 0:00:00]} c5 {[%emt 0:00:00]} 2. Nf3 {[%emt 0:00:00]} e6 {[%emt 0:00:00]} 3. d3 {[%emt 0:00:00]} Nc6 {[%emt 0:00:00]} 4. g3 {[%emt 0:00:07]} Nge7 {[%emt 0:00:20]} 5. Bg2 {[%emt 0:00:09]} g6 {[%emt 0:00:59]} 6. O-O {[%emt 0:00:12]} Bg7 {[%emt 0:00:12]} 7. Re1 {[%emt 0:01:07]} d6 {[%emt 0:00:18]} 8. c3 {[%emt 0:00:20]} O-O {[%emt 0:01:03]} 9. d4 {[%emt 0:03:51]} Rb8 {[%emt 0:01:17]} 10. Be3 {[%emt 0:06:54]} b6 {[%emt 0:01:45]} 11. Qd2 {[%emt 0:02:25]} Bb7 {[%emt 0:02:02]} 12. Bh6 {[%emt 0:00:48]} d5 {[%emt 0:01:25]} 13. e5 {[%emt 0:03:23]} Bxh6 {[%emt 0:01:46]} 14. Qxh6 {[%emt 0:00:10]} Nf5 {[%emt 0:00:08]} 15. Qf4 {[%emt 0:02:52]} Qe7 {[%emt 0:02:39]} 16. Nbd2 {[%emt 0:02:31]} cxd4 {[%emt 0:01:41]} 17. cxd4 {[%emt 0:00:26]} Qb4 {[%emt 0:00:23]} 18. Nb3 {[%emt 0:01:05]} a5 {[%emt 0:00:34]} 19. g4 {[%emt 0:01:59]} a4 {[%emt 0:03:55]} 20. gxf5 {[%emt 0:00:24]} f6 {[%emt 0:04:53]} 21. fxg6 {[%emt 0:05:18]} fxe5 {[%emt 0:03:23]} 22. Qh6 {[%emt 0:00:35]} Qe7 {[%emt 0:00:55]} 23. Qxh7+ {[%emt 0:00:34]} Qxh7 {[%emt 0:00:59]} 24. gxh7+ {[%emt 0:00:08]} Kh8 {[%emt 0:00:57]} 25. Nbd2 {[%emt 0:00:17]} e4 {[%emt 0:02:30]} 26. Ne5 {[%emt 0:00:53]} Nxe5 {[%emt 0:01:13]} 27. dxe5 {[%emt 0:00:10]} Rf5 {[%emt 0:00:51]} 28. Rac1 {[%emt 0:03:08]} Rbf8 {[%emt 0:03:13]} 29. Rc7 {[%emt 0:03:10]} Ba6 {[%emt 0:02:22]} 30. f3 {[%emt 0:06:41]} exf3 {[%emt 0:00:55]} 31. Nxf3 {[%emt 0:00:14]} Rxf3 {[%emt 0:01:06]} 32. Bxf3 {[%emt 0:00:09]} Rxf3 {[%emt 0:00:20]} 33. Re7 {[%emt 0:00:32]} Bc4 {[%emt 0:00:27]} 34. Rxe6 {[%emt 0:00:13]} d4 {[%emt 0:02:44]} 35. Rd6 {[%emt 0:00:27]} d3 {[%emt 0:02:10]} 36. e6 {[%emt 0:00:52]} Rf8 {[%emt 0:02:50]} 37. e7 {[%emt 0:00:15]} Re8 {[%emt 0:00:35]} 38. Rd8 {[%emt 0:03:21]} Bb5 {[%emt 0:00:01]} 1-0

[Event "21st Sants Open 2019"]
[Site "Cotxeres de Sants"]
[Date "2019.08.25"]
[Round "3.17"]
[White "Carmona Huertas, Juan Antonio"]
[Black "Romeu Perulles, Jaume"]
[Result "1-0"]
[WhiteElo "1930"]
[BlackElo "1813"]
[Annotator "NA"]
[PlyCount "87"]
[EventDate "2019.08.22"]
[EventType "swiss"]
[EventCountry "ESP"]
[SourceTitle "playchess.com"]
[Source "ChessBase"]
[SourceQuality "1"]
[TimeControl "40/5400+30:1800+30"]

1. e4 {[%emt 0:00:00]} e5 {[%emt 0:01:44]} 2. Nf3 {[%emt 0:00:00]} Nf6 {[%emt 0:00:06]} 3. Nxe5 {[%emt 0:00:00]} d6 {[%emt 0:00:11]} 4. Nf3 {[%emt 0:00:00]} Nxe4 {[%emt 0:00:10]} 5. Nc3 {[%emt 0:00:00]} Nxc3 {[%emt 0:00:39]} 6. dxc3 {[%emt 0:00:03]} Be7 {[%emt 0:00:16]} 7. Be3 {[%emt 0:00:05]} O-O {[%emt 0:01:42]} 8. Qd2 {[%emt 0:00:03]} c6 {[%emt 0:02:36]} 9. O-O-O {[%emt 0:00:39]} a5 {[%emt 0:03:11]} 10. h4 {[%emt 0:00:43]} Nd7 {[%emt 0:03:56]} 11. Kb1 {[%emt 0:08:49]} Ne5 {[%emt 0:10:51]} 12. h5 {[%emt 0:11:00]} b5 {[%emt 0:06:32]} 13. h6 {[%emt 0:01:26]} g6 {[%emt 0:01:02]} 14. Bf4 {[%emt 0:05:31]} Nxf3 {[%emt 0:04:21]} 15. gxf3 {[%emt 0:00:07]} d5 {[%emt 0:00:33]} 16. Qd4 {[%emt 0:07:03]} Bf6 {[%emt 0:13:13]} 17. Be5 {[%emt 0:00:05]} Bxe5 {[%emt 0:00:23]} 18. Qxe5 {[%emt 0:00:07]} f6 {[%emt 0:00:27]} 19. Qd4 {[%emt 0:01:02]} Be6 {[%emt 0:06:19]} 20. Qc5 {[%emt 0:09:31]} Qc7 {[%emt 0:03:30]} 21. Bxb5 {[%emt 0:06:34]} Rfc8 {[%emt 0:01:36]} 22. Rhe1 {[%emt 0:24:27]} Qd7 {[%emt 0:02:05]} 23. Bd3 {[%emt 0:01:49]} a4 {[%emt 0:01:05]} 24. Re3 {[%emt 0:05:18]} Re8 {[%emt 0:01:49]} 25. Qd4 Qf7 {[%emt 0:05:00]} 26. Rde1 {[%emt 0:03:03]} Bd7 {[%emt 0:00:52]} 27. c4 {[%emt 0:01:28]} a3 {[%emt 0:03:26]} 28. Qc5 {[%emt 0:05:40]} Rxe3 {[%emt 0:05:42]} 29. Rxe3 {[%emt 0:00:05]} Re8 {[%emt 0:00:41]} 30. Qxa3 {[%emt 0:01:44]} dxc4 {[%emt 0:01:36]} 31. Be2 {[%emt 0:01:10]} Rxe3 {[%emt 0:02:54]} 32. fxe3 Be6 {[%emt 0:08:10]} 33. Qa8+ {[%emt 0:03:23]} Qf8 {[%emt 0:00:28]} 34. Qxc6 {[%emt 0:01:05]} Qe7 {[%emt 0:01:37]} 35. Bxc4 {[%emt 0:01:38]} Bxc4 {[%emt 0:01:01]} 36. Qxc4+ {[%emt 0:00:01]} Kf8 {[%emt 0:00:31]} 37. Qc8+ {[%emt 0:00:14]} Kf7 {[%emt 0:01:18]} 38. Qc4+ {[%emt 0:00:01]} Kf8 {[%emt 0:00:41]} 39. Qd4 {[%emt 0:00:01]} g5 {[%emt 0:01:36]} 40. a4 {[%emt 0:00:00]} Kf7 {[%emt 0:00:00]} 41. Qd3 {[%emt 0:03:13]} Kg8 {[%emt 0:03:02]} 42. a5 {[%emt 0:00:59]} Qb4 {[%emt 0:01:17]} 43. Qb3+ {[%emt 0:01:26]} Qxb3 {[%emt 0:00:15]} 44. cxb3 {[%emt 0:00:01]} 1-0

[Event "21st Sants Open 2019"]
[Site "Cotxeres de Sants"]
[Date "2019.08.25"]
[Round "3.18"]
[White "Salvador Gomez, Jesus Francisco"]
[Black "Cabrera Marmol, Manuel"]
[Result "0-1"]
[WhiteElo "1639"]
[BlackElo "1537"]
[Annotator "NA"]
[PlyCount "158"]
[EventDate "2019.08.22"]
[EventType "swiss"]
[EventCountry "ESP"]
[SourceTitle "playchess.com"]
[Source "ChessBase"]
[SourceQuality "1"]
[TimeControl "40/5400+30:1800+30"]

1. c4 {[%emt 0:00:00]} e5 {[%emt 0:14:08]} 2. g3 {[%emt 0:00:15]} Nf6 {[%emt 0:00:40]} 3. Bg2 {[%emt 0:00:17]} d5 {[%emt 0:01:45]} 4. cxd5 {[%emt 0:00:53]} Nxd5 {[%emt 0:02:42]} 5. Nc3 {[%emt 0:00:15]} Nb6 {[%emt 0:00:34]} 6. e3 {[%emt 0:02:05]} c6 {[%emt 0:14:12]} 7. Nge2 {[%emt 0:02:54]} Bg4 {[%emt 0:10:47]} 8. O-O {[%emt 0:04:26]} Be7 {[%emt 0:03:06]} 9. f3 {[%emt 0:07:18]} Be6 {[%emt 0:01:44]} 10. b3 {[%emt 0:01:47]} Qd7 {[%emt 0:02:51]} 11. d4 {[%emt 0:03:13]} exd4 {[%emt 0:03:53]} 12. Qxd4 {[%emt 0:01:53]} Bf6 {[%emt 0:02:27]} 13. Qd2 {[%emt 0:04:40]} Na6 {[%emt 0:03:30]} 14. Qxd7+ {[%emt 0:04:50]} Bxd7 {[%emt 0:10:02]} 15. Bb2 {[%emt 0:01:19]} O-O-O {[%emt 0:01:01]} 16. Rab1 {[%emt 0:00:44]} Be6 {[%emt 0:01:42]} 17. Na4 {[%emt 0:00:49]} Nxa4 {[%emt 0:08:34]} 18. Bxf6 {[%emt 0:03:06]} gxf6 {[%emt 0:00:03]} 19. bxa4 {[%emt 0:00:44]} Bxa2 {[%emt 0:01:05]} 20. Rb2 {[%emt 0:01:09]} Be6 {[%emt 0:01:49]} 21. Nd4 {[%emt 0:00:52]} c5 {[%emt 0:04:05]} 22. Rc1 {[%emt 0:00:31]} Kb8 {[%emt 0:01:21]} 23. Nxe6 {[%emt 0:03:00]} fxe6 {[%emt 0:00:02]} 24. f4 {[%emt 0:00:48]} Rd7 {[%emt 0:01:39]} 25. Bf1 {[%emt 0:02:27]} Rd6 {[%emt 0:03:14]} 26. Bxa6 {[%emt 0:07:41]} Rxa6 {[%emt 0:00:04]} 27. Rxc5 {[%emt 0:00:07]} Rxa4 {[%emt 0:00:42]} 28. Rcb5 {[%emt 0:00:24]} b6 {[%emt 0:00:33]} 29. Kf2 {[%emt 0:00:29]} Rc8 {[%emt 0:00:56]} 30. Rh5 {[%emt 0:02:05]} Rc7 {[%emt 0:01:17]} 31. Rh6 {[%emt 0:00:44]} Rf7 {[%emt 0:00:36]} 32. Ke2 {[%emt 0:03:33]} Rc4 {[%emt 0:00:46]} 33. Rh5 {[%emt 0:00:45]} Rc6 {[%emt 0:00:46]} 34. e4 {[%emt 0:01:10]} Rfc7 {[%emt 0:01:14]} 35. Rhb5 {[%emt 0:02:38]} Kb7 {[%emt 0:00:29]} 36. Kf3 {[%emt 0:01:16]} Rc5 {[%emt 0:00:28]} 37. h4 {[%emt 0:02:53]} h5 {[%emt 0:00:22]} 38. Rxc5 {[%emt 0:02:13]} Rxc5 {[%emt 0:00:05]} 39. Rd2 {[%emt 0:00:11]} Rc3+ {[%emt 0:00:54]} 40. Kg2 {[%emt 0:00:00]} Kc7 {[%emt 0:00:00]} 41. e5 {[%emt 0:02:40]} fxe5 {[%emt 0:03:27]} 42. Re2 {[%emt 0:04:51]} exf4 {[%emt 0:03:11]} 43. gxf4 {[%emt 0:00:19]} Kd6 {[%emt 0:04:54]} 44. Rd2+ {[%emt 0:00:52]} Ke7 {[%emt 0:01:20]} 45. Re2 {[%emt 0:00:07]} Kf6 {[%emt 0:00:34]} 46. Rb2 {[%emt 0:02:02]} Kf5 {[%emt 0:01:46]} 47. Rb5+ {[%emt 0:00:20]} Kxf4 {[%emt 0:07:22]} 48. Rxh5 {[%emt 0:00:45]} e5 {[%emt 0:01:30]} 49. Rh6 {[%emt 0:00:34]} e4 {[%emt 0:00:50]} 50. h5 {[%emt 0:01:41]} Kg5 {[%emt 0:01:38]} 51. Re6 {[%emt 0:02:19]} Kxh5 {[%emt 0:00:57]} 52. Rxe4 {[%emt 0:00:13]} Kg5 {[%emt 0:01:16]} 53. Rb4 {[%emt 0:00:31]} Kf5 {[%emt 0:00:24]} 54. Rb2 {[%emt 0:00:55]} Ke4 {[%emt 0:00:42]} 55. Ra2 {[%emt 0:00:16]} a5 {[%emt 0:01:04]} 56. Kf2 {[%emt 0:00:41]} Kd4 {[%emt 0:00:20]} 57. Ke2 {[%emt 0:00:19]} Kc4 {[%emt 0:01:10]} 58. Kd2 {[%emt 0:00:16]} Rh3 {[%emt 0:03:54]} 59. Rc2+ {[%emt 0:00:13]} Kb4 {[%emt 0:00:37]} 60. Rc6 {[%emt 0:00:16]} Kb5 {[%emt 0:00:10]} 61. Re6 {[%emt 0:00:24]} a4 {[%emt 0:00:18]} 62. Kc2 {[%emt 0:00:14]} Ka5 {[%emt 0:01:10]} 63. Kb2 {[%emt 0:00:34]} b5 {[%emt 0:00:06]} 64. Re5 {[%emt 0:00:24]} a3+ {[%emt 0:00:42]} 65. Ka2 {[%emt 0:00:09]} Ka4 {[%emt 0:00:32]} 66. Rd5 {[%emt 0:01:16]} b4 {[%emt 0:00:45]} 67. Rd4 {[%emt 0:00:19]} Rh2+ {[%emt 0:00:35]} 68. Ka1 {[%emt 0:01:01]} Kb3 {[%emt 0:00:24]} 69. Rd1 {[%emt 0:01:01]} Kc2 {[%emt 0:01:54]} 70. Rb1 {[%emt 0:01:09]} b3 {[%emt 0:01:47]} 71. Rc1+ {[%emt 0:00:01]} Kd3 {[%emt 0:00:10]} 72. Rd1+ {[%emt 0:00:30]} Kc3 {[%emt 0:00:30]} 73. Rf1 {[%emt 0:01:03]} Ra2+ {[%emt 0:02:08]} 74. Kb1 {[%emt 0:00:14]} Rd2 {[%emt 0:00:39]} 75. Ka1 {[%emt 0:01:41]} Rc2 {[%emt 0:00:47]} 76. Rf3+ {[%emt 0:00:35]} Kb4 {[%emt 0:00:11]} 77. Rf4+ {[%emt 0:00:35]} Rc4 {[%emt 0:00:10]} 78. Rf1 {[%emt 0:00:11]} a2 {[%emt 0:00:40]} 79. Rd1 {[%emt 0:01:17]} Ka3 {[%emt 0:00:31]} 0-1

[Event "21st Sants Open 2019"]
[Site "Cotxeres de Sants"]
[Date "2019.08.25"]
[Round "3.19"]
[White "Serentill Tost, Eduard"]
[Black "Sanchez Viana, Jordi"]
[Result "1/2-1/2"]
[WhiteElo "1621"]
[BlackElo "1535"]
[Annotator "NA"]
[PlyCount "143"]
[EventDate "2019.08.22"]
[EventType "swiss"]
[EventCountry "ESP"]
[SourceTitle "playchess.com"]
[Source "ChessBase"]
[SourceQuality "1"]
[TimeControl "40/5400+30:1800+30"]

1. e4 {[%emt 0:00:00]} c5 {[%emt 0:00:00]} 2. Nc3 {[%emt 0:00:00]} d6 {[%emt 0:00:49]} 3. f4 {[%emt 0:00:51]} e6 {[%emt 0:00:47]} 4. Nf3 {[%emt 0:00:54]} Nc6 {[%emt 0:00:45]} 5. Bc4 {[%emt 0:01:46]} Nf6 {[%emt 0:00:53]} 6. d3 {[%emt 0:02:08]} Be7 {[%emt 0:00:41]} 7. O-O {[%emt 0:01:00]} a6 {[%emt 0:00:38]} 8. a3 {[%emt 0:03:22]} b5 {[%emt 0:00:47]} 9. Ba2 {[%emt 0:02:40]} Rb8 {[%emt 0:03:12]} 10. Qe1 {[%emt 0:03:42]} O-O {[%emt 0:00:39]} 11. h3 {[%emt 0:06:02]} b4 {[%emt 0:04:48]} 12. Ne2 {[%emt 0:07:44]} bxa3 {[%emt 0:06:19]} 13. bxa3 {[%emt 0:01:42]} a5 {[%emt 0:04:46]} 14. Ng3 {[%emt 0:00:40]} h6 {[%emt 0:01:03]} 15. e5 {[%emt 0:01:06]} dxe5 {[%emt 0:00:39]} 16. Nxe5 {[%emt 0:01:46]} Nxe5 {[%emt 0:03:24]} 17. fxe5 {[%emt 0:02:33]} Qd4+ {[%emt 0:01:42]} 18. Be3 {[%emt 0:00:41]} Qxe5 {[%emt 0:00:13]} 19. Qf2 {[%emt 0:01:34]} Nd5 {[%emt 0:04:37]} 20. Bxd5 {[%emt 0:02:44]} Qxd5 {[%emt 0:05:11]} 21. Ne4 {[%emt 0:00:57]} Rb2 {[%emt 0:02:58]} 22. Bxc5 {[%emt 0:02:16]} Bxc5 {[%emt 0:00:54]} 23. Nxc5 {[%emt 0:00:59]} Bd7 {[%emt 0:09:11]} 24. Nxd7 {[%emt 0:05:42]} Qxd7 {[%emt 0:00:17]} 25. Rab1 {[%emt 0:02:37]} Rfb8 {[%emt 0:00:40]} 26. Rxb2 {[%emt 0:00:08]} Rxb2 {[%emt 0:00:19]} 27. Qc5 {[%emt 0:04:18]} Rb5 {[%emt 0:03:35]} 28. Qc3 {[%emt 0:03:22]} Rg5 {[%emt 0:01:45]} 29. Rf4 {[%emt 0:05:57]} e5 {[%emt 0:02:41]} 30. Rf3 {[%emt 0:00:09]} e4 {[%emt 0:02:44]} 31. dxe4 {[%emt 0:03:51]} Qd1+ {[%emt 0:00:20]} 32. Rf1 {[%emt 0:02:12]} Qe2 {[%emt 0:02:16]} 33. Qf3 {[%emt 0:01:23]} Qc4 {[%emt 0:01:32]} 34. Qb3 {[%emt 0:01:17]} Qd4+ {[%emt 0:00:44]} 35. Rf2 {[%emt 0:03:10]} Qd1+ {[%emt 0:01:20]} 36. Kh2 {[%emt 0:02:45]} Qd6+ {[%emt 0:02:05]} 37. g3 {[%emt 0:00:52]} Qg6 {[%emt 0:03:50]} 38. Qd3 {[%emt 0:02:41]} Qb6 {[%emt 0:02:53]} 39. Qf3 {[%emt 0:01:36]} Qe6 {[%emt 0:01:05]} 40. Qb3 {[%emt 0:00:00]} Qxe4 {[%emt 0:00:00]} 41. Qxf7+ {[%emt 0:02:03]} Kh7 {[%emt 0:01:07]} 42. Qb3 {[%emt 0:00:47]} Rg6 {[%emt 0:01:02]} 43. Qd3 {[%emt 0:00:31]} Qe5 {[%emt 0:02:10]} 44. Re2 {[%emt 0:00:58]} Qf6 {[%emt 0:00:39]} 45. Kg2 {[%emt 0:00:40]} Qc6+ {[%emt 0:02:00]} 46. Qe4 {[%emt 0:00:24]} Qc5 {[%emt 0:00:36]} 47. a4 {[%emt 0:01:35]} Qg5 {[%emt 0:02:00]} 48. Re3 {[%emt 0:01:58]} h5 {[%emt 0:00:54]} 49. h4 {[%emt 0:01:10]} Qg4 {[%emt 0:02:17]} 50. Qxg4 {[%emt 0:03:28]} Rxg4 {[%emt 0:00:18]} 51. Re5 {[%emt 0:01:22]} Rxa4 {[%emt 0:00:08]} 52. Rxh5+ {[%emt 0:00:09]} Kg6 {[%emt 0:00:38]} 53. Rc5 {[%emt 0:01:25]} Ra2 {[%emt 0:00:44]} 54. g4 {[%emt 0:02:26]} a4 {[%emt 0:00:09]} 55. Rc6+ {[%emt 0:00:34]} Kf7 {[%emt 0:00:56]} 56. Kf3 {[%emt 0:00:50]} a3 {[%emt 0:00:07]} 57. Ra6 Ra1 58. Ke2 {[%emt 0:04:04]} a2 {[%emt 0:00:53]} 59. Kd2 {[%emt 0:01:01]} Rg1 {[%emt 0:00:19]} 60. Rxa2 Rxg4 61. Kd3 {[%emt 0:04:21]} Rxh4 {[%emt 0:00:48]} 62. c4 {[%emt 0:00:14]} g5 {[%emt 0:01:21]} 63. Re2 {[%emt 0:00:18]} Rf4 {[%emt 0:00:13]} 64. c5 {[%emt 0:01:11]} Rf6 {[%emt 0:00:21]} 65. Kd4 {[%emt 0:00:57]} Re6 {[%emt 0:00:40]} 66. Rg2 {[%emt 0:02:03]} Kf6 {[%emt 0:01:29]} 67. Kd5 {[%emt 0:00:26]} Re1 {[%emt 0:00:36]} 68. Kd6 {[%emt 0:01:16]} Rd1+ {[%emt 0:00:21]} 69. Kc7 {[%emt 0:00:22]} Kf5 {[%emt 0:00:22]} 70. c6 {[%emt 0:01:48]} g4 {[%emt 0:00:13]} 71. Rb2 g3 72. Kb8 1/2-1/2